New directions in the theory of graphs
Uloženo v:
| Hlavní autor: | |
|---|---|
| Médium: | Kniha |
| Jazyk: | angličtina |
| Vydáno: |
Nueva York
Academic Press
1973
|
| Edice: | Academic Press Rapid Manuscript Reproduction
|
| Témata: | |
| Tagy: |
Přidat tag
Žádné tagy, Buďte první, kdo vytvoří štítek k tomuto záznamu!
|
MARC
| LEADER | 00000nam a2200000 a 4500 | ||
|---|---|---|---|
| 001 | UCP1037 | ||
| 003 | CL-VaPUC | ||
| 008 | 990326e19730000US |||||||||||||||||eng|d | ||
| 082 | 0 | 4 | |a 511.5 |b HAR |2 21 |
| 100 | |a Harary, Frank |e author |9 619418 | ||
| 245 | 1 | 0 | |a New directions in the theory of graphs |
| 300 | |a 325 p | ||
| 942 | |c BK | ||
| 945 | |d 19990326 00:00:00 |a crobeson | ||
| 260 | |a Nueva York |b Academic Press |c 1973 | ||
| 650 | 0 | |a Teoría de grafos |9 269886 | |
| 650 | 0 | |a Teoría de grupos |9 270028 | |
| 650 | 0 | |a Historia de las matemáticas |9 265664 | |
| 650 | 7 | |a ISOMORFISMO |2 CL-VaPUC |9 417405 | |
| 583 | |a last modification |c 19990326 00:00:00 |k Rodrigo Vera | ||
| 490 | 0 | |a Academic Press Rapid Manuscript Reproduction | |
| 999 | |c 279756 |d 279754 | ||
| 952 | |0 0 |1 0 |4 0 |6 511_500000000000000_HAR_1973 |7 0 |8 A |9 319534 |a BIBMAT |b BIBMAT |d 2019-11-20 |i 1333585 |o 511.5 HAR 1973 |p 1333585 |r 2025-01-07 |w 2019-11-20 |y BK |k MAT | ||